[Event "11th World Teams 2017"]
[Site "Khanty-Mansiysk RUS"]
[Date "2017.06.17"]
[Round "1.2"]
[Board "4"]
[White "Bartel, Mateusz"]
[Black "Negi, Parimarjan"]
[Result "1/2-1/2"]
[WhiteTitle "GM"]
[BlackTitle "GM"]
[WhiteElo "2637"]
[BlackElo "2670"]
[WhiteTeam "Poland"]
[BlackTeam "India"]
[WhiteFideId "1112635"]
[BlackFideId "5016690"]
[EventDate "2017.06.17"]

1. e4 e5 2. Nf3 Nc6 3. Bb5 Nf6 4. d3 Bc5 5. Bxc6 dxc6 6. Qe2 Bg4 7. h3 Bxf3 8.
Qxf3 Nd7 9. Qg3 O-O 10. Nd2 f6 11. O-O Re8 12. Nb3 Bd6 13. Na5 Qc8 14. Nc4 Nf8
15. f4 exf4 16. Bxf4 Bxf4 17. Rxf4 Kh8 18. e5 f5 19. Rf2 Ng6 20. Qf3 f4 21. d4
Qe6 22. Nd2 Rad8 23. c3 b6 24. Ne4 Qf5 25. b4 Rf8 26. Re1 h6 27. Nd2 c5 28. bxc5
bxc5 29. Nb3 cxd4 30. e6 Qf6 31. cxd4 Rfe8 32. d5 Rd6 33. Rc2 Qg5 34. Rxc7 Rxd5
35. Re4 Re5 36. Nd4 Nh4 37. Rxe5 Nxf3+ 38. Nxf3 Qd8 39. Rd7 Qb6+ 40. Nd4 Qb1+
41. Kh2 Qxa2 42. e7 f3 43. Nxf3 Kg8 44. Nd4 Qd2 45. Re2 Qf4+ 46. g3 Qf6 47. Kg2
a5 48. Re6 Qg5 49. h4 Qg4 50. Rdd6 Kf7 51. Nc6 Qxe6 52. Nd8+ Kxe7 53. Rxe6+ Kxd8
54. Ra6 Re5 55. Kf3 Kc8 56. Rg6 Kb8 57. Rxg7 a4 58. Rg4 Ra5 59. Rb4+ Kc7 60. Rb1
a3 61. g4 Kd6 62. Ke4 a2 63. Ra1 Ke6 64. Kd3 Ra4 65. Kc3 Ke5 66. Kb3 Rxg4 67.
Rxa2 Rxh4 68. Ra5+ Kf4 69. Kc3 Rh2 70. Kd3 h5 71. Ra8 h4 72. Rf8+ Kg3 73. Ke3
Ra2 74. Rg8+ Kh2 75. Kf3 h3 76. Rh8 Ra5 77. Rg8 Rf5+ 78. Ke2 Kh1 79. Rh8 h2 80.
Rg8 Ra5 81. Kf1 1/2-1/2

[Event "11th World Teams 2017"]
[Site "Khanty-Mansiysk RUS"]
[Date "2017.06.17"]
[Round "1.3"]
[Board "1"]
[White "Shankland, Samuel L"]
[Black "Tari, Aryan"]
[Result "1/2-1/2"]
[WhiteTitle "GM"]
[BlackTitle "GM"]
[WhiteElo "2676"]
[BlackElo "2593"]
[WhiteTeam "United States"]
[BlackTeam "Norway"]
[WhiteFideId "2004887"]
[BlackFideId "1510045"]
[EventDate "2017.06.17"]

1. e4 e5 2. Nf3 Nc6 3. Bc4 Bc5 4. O-O Nf6 5. d3 a6 6. c3 Ba7 7. a4 d6 8. Re1 O-O
9. h3 b5 10. Bb3 b4 11. a5 Rb8 12. Nbd2 Be6 13. Bc4 Qc8 14. Bxe6 Qxe6 15. Nc4
Rb5 16. Be3 Bxe3 17. Nxe3 bxc3 18. bxc3 Rxa5 19. Rxa5 Nxa5 20. Qa4 1/2-1/2

[Event "11th World Teams 2017"]
[Site "Khanty-Mansiysk RUS"]
[Date "2017.06.17"]
[Round "1.3"]
[Board "2"]
[White "Urkedal, Frode"]
[Black "Onischuk, Alexander"]
[Result "1/2-1/2"]
[WhiteTitle "GM"]
[BlackTitle "GM"]
[WhiteElo "2541"]
[BlackElo "2685"]
[WhiteTeam "Norway"]
[BlackTeam "United States"]
[WhiteFideId "1506102"]
[BlackFideId "14101025"]
[EventDate "2017.06.17"]

1. d4 Nf6 2. c4 e6 3. Nf3 b6 4. g3 Bb4+ 5. Bd2 c5 6. Bxb4 cxb4 7. Bg2 Bb7 8. O-O
O-O 9. Qb3 a5 10. a3 Na6 11. Nbd2 d6 12. Rfd1 Qe7 13. Ne1 e5 14. Bxb7 Qxb7 15.
Nc2 bxa3 16. bxa3 Rfe8 17. Rab1 Rab8 18. Nf3 exd4 19. Ncxd4 d5 20. cxd5 Qxd5 21.
Qxd5 Nxd5 22. Nb5 Nac7 23. Nxc7 Nxc7 24. Rd7 Ne6 25. Rd6 b5 26. Rd5 Nc7 27. Rc5
Rb7 28. Nd4 g6 29. a4 Ne6 30. Nxe6 Rxe6 31. Rbxb5 Rxb5 32. Rxb5 Rxe2 33. Rxa5
Ra2 34. g4 Kg7 35. g5 h6 36. h4 Rc2 37. Kg2 Rc4 38. Kg3 Rd4 39. Ra7 Rc4 40. f3
Rd4 41. a5 Rd5 42. Kf4 Rd4+ 43. Kg3 Rd5 44. f4 Rd3+ 45. Kg2 h5 46. Rc7 Ra3 47.
Rc5 Kf8 48. Re5 f6 49. Rb5 fxg5 50. fxg5 Ke7 51. Rb6 Ra2+ 52. Kg3 Ra3+ 53. Kg2
Ra2+ 54. Kg3 1/2-1/2

[Event "11th World Teams 2017"]
[Site "Khanty-Mansiysk RUS"]
[Date "2017.06.17"]
[Round "1.3"]
[Board "3"]
[White "Akobian, Varuzhan"]
[Black "Elsness, Frode"]
[Result "1-0"]
[WhiteTitle "GM"]
[BlackTitle "IM"]
[WhiteElo "2673"]
[BlackElo "2466"]
[WhiteTeam "United States"]
[BlackTeam "Norway"]
[WhiteFideId "13300580"]
[BlackFideId "1501100"]
[EventDate "2017.06.17"]

1. d4 Nf6 2. c4 e6 3. Nc3 Bb4 4. Nf3 d5 5. cxd5 exd5 6. Qa4+ Nc6 7. Bg5 h6 8.
Bxf6 Qxf6 9. e3 O-O 10. Rc1 Qg6 11. Qd1 Re8 12. a3 Bxc3+ 13. Rxc3 Bd7 14. h3 Qd6
15. Bd3 Ne7 16. Ne5 Be6 17. Qc2 c6 18. O-O f6 19. Nf3 Qd7 20. Rc1 Bf5 21. Ne1
Bxd3 22. Nxd3 Nc8 23. b4 Nd6 24. a4 a6 25. Rb3 Qf7 26. Qb1 Re7 27. Nf4 Rd8 28.
Rc5 Ne4 29. Rc2 Nd6 30. Qd1 Rde8 31. Qf3 Rd7 32. h4 Red8 33. h5 Re8 34. Qg4 Rdd8
35. Qf3 Rd7 36. Qg4 Rdd8 37. Qd1 Rd7 38. Qd3 Rdd8 39. Rc5 Rd7 40. Rb1 Ne4 41.
Rc2 Nd6 42. Qe2 Rdd8 43. Qf3 Rd7 44. Ne2 Rde7 45. Nc3 Nc4 46. Ra1 b5 47. axb5
axb5 48. Ne2 Rc7 49. Ng3 Nd6 50. Ra6 Rec8 51. Qg4 Qe7 52. Rca2 Kh8 53. Ra8 Re8
54. Qg6 Rec8 55. R2a6 Qd8 56. R8a7 Rxa7 57. Rxa7 Rc7 58. Ra2 Qb8 59. Qc2 Nc4 60.
Ra6 Qf8 61. Nf5 Qe8 62. g4 Qf8 63. Kg2 Qe8 64. f3 Kg8 65. Kf2 Qb8 66. Qa2 Ra7
67. f4 Rxa6 68. Qxa6 1-0

[Event "11th World Teams 2017"]
[Site "Khanty-Mansiysk RUS"]
[Date "2017.06.17"]
[Round "1.3"]
[Board "4"]
[White "Hauge, Lars Oskar"]
[Black "Xiong, Jeffery"]
[Result "1/2-1/2"]
[WhiteTitle "IM"]
[BlackTitle "GM"]
[WhiteElo "2448"]
[BlackElo "2658"]
[WhiteTeam "Norway"]
[BlackTeam "United States"]
[WhiteFideId "1509276"]
[BlackFideId "2047640"]
[EventDate "2017.06.17"]

1. e4 e5 2. Nf3 Nc6 3. Bc4 Bc5 4. O-O Nf6 5. d3 d6 6. c3 a6 7. Bb3 Ba7 8. Re1
O-O 9. h3 h6 10. Nbd2 Re8 11. Nf1 Be6 12. Be3 Bxe3 13. Nxe3 Qd7 14. Nh2 Ne7 15.
Nhg4 Nxg4 16. Bxe6 Qxe6 17. Qxg4 Qxg4 18. hxg4 Rad8 19. d4 d5 20. Nxd5 Nxd5 21.
exd5 exd4 22. c4 c5 23. Kf1 Kf8 24. Rxe8+ Kxe8 25. Ke2 b5 26. Kd3 Kd7 27. a3 Kd6
28. Re1 a5 29. b3 a4 30. Rb1 Rb8 1/2-1/2

[Event "11th World Teams 2017"]
[Site "Khanty-Mansiysk RUS"]
[Date "2017.06.17"]
[Round "1.4"]
[Board "1"]
[White "Hesham, Abdelrahman"]
[Black "Nepomniachtchi, Ian"]
[Result "1/2-1/2"]
[WhiteTitle "GM"]
[BlackTitle "GM"]
[WhiteElo "2372"]
[BlackElo "2732"]
[WhiteTeam "Egypt"]
[BlackTeam "Russian Federation"]
[WhiteFideId "10600183"]
[BlackFideId "4168119"]
[EventDate "2017.06.17"]

1. d4 Nf6 2. c4 g6 3. f3 e6 4. e4 c5 5. d5 d6 6. Nc3 Bg7 7. Be3 exd5 8. cxd5 a6
9. a4 O-O 10. Nge2 Nbd7 11. Ng3 Rb8 12. Be2 Ne8 13. O-O Nc7 14. f4 b5 15. e5
bxa4 16. Nce4 Rb3 17. Ra3 Bb7 18. Nxd6 Bxd5 19. Bc4 Rxa3 20. bxa3 Qa8 21. Qxa4
Nb6 22. Bxd5 Ncxd5 23. Qe4 Nxe3 24. Qxe3 Qc6 25. f5 Nd5 26. Qe4 c4 27. Nxc4 Qc5+
28. Kh1 Nc3 29. Qd3 Bxe5 30. Nxe5 Qxe5 31. Qxa6 Ne4 32. Nxe4 Qxe4 33. Qf6 Qc4
34. fxg6 hxg6 35. h4 Ra8 36. Rf4 Qc1+ 37. Rf1 Qc4 38. Rf4 1/2-1/2

[Event "11th World Teams 2017"]
[Site "Khanty-Mansiysk RUS"]
[Date "2017.06.17"]
[Round "1.4"]
[Board "4"]
[White "Fedoseev, Vladimir3"]
[Black "Farahat, Ali"]
[Result "1-0"]
[WhiteTitle "GM"]
[BlackTitle "IM"]
[WhiteElo "2703"]
[BlackElo "2402"]
[WhiteTeam "Russian Federation"]
[BlackTeam "Egypt"]
[WhiteFideId "24130737"]
[BlackFideId "10600507"]
[EventDate "2017.06.17"]

1. d4 Nf6 2. c4 e6 3. Nc3 Bb4 4. e3 O-O 5. Ne2 d5 6. a3 Bd6 7. Ng3 b6 8. Be2 Ba6
9. cxd5 Bxe2 10. Qxe2 exd5 11. Nf5 Re8 12. Nxd6 Qxd6 13. O-O c6 14. Bd2 Nbd7 15.
f3 Nf8 16. Be1 Re6 17. Bf2 Rae8 18. Qd3 Ng6 19. Rac1 h5 20. Rfe1 h4 21. Qf5 c5
22. Rcd1 Qc6 23. Re2 cxd4 24. Rxd4 Re5 25. Qc2 Qe6 26. h3 Nh5 27. Qa4 Re7 28.
Re1 Ng3 29. Qd1 Nf5 30. Rxd5 Rxd5 31. Qxd5 Ne5 32. e4 Ng3 33. Qxe6 Rxe6 34. Rd1
Nc4 35. Rd8+ Kh7 36. Rd7 Nxb2 37. Bxg3 hxg3 38. Ne2 a5 39. Rxf7 Nc4 40. Nxg3
Nxa3 41. Nf5 b5 42. Rxg7+ Kh8 43. g4 Nc4 44. Rb7 Rb6 45. Rxb6 Nxb6 46. Kf2 Nc4
47. Ne3 a4 48. Nc2 a3 49. Ke2 a2 50. f4 b4 51. Na1 Na5 52. Kd3 Kg7 53. e5 Kf7
54. f5 Ke7 55. e6 Kd6 56. Kd4 Ke7 57. g5 b3 58. Kc3 b2 59. Kxb2 Nc4+ 60. Kxa2
Nd6 61. f6+ Kxe6 62. Nc2 Kf5 63. h4 1-0

[Event "11th World Teams 2017"]
[Site "Khanty-Mansiysk RUS"]
[Date "2017.06.17"]
[Round "1.5"]
[Board "1"]
[White "Solak, Dragan"]
[Black "Ponomariov, Ruslan"]
[Result "1/2-1/2"]
[WhiteTitle "GM"]
[BlackTitle "GM"]
[WhiteElo "2641"]
[BlackElo "2712"]
[WhiteTeam "Turkey"]
[BlackTeam "Ukraine"]
[WhiteFideId "916811"]
[BlackFideId "14103320"]
[EventDate "2017.06.17"]

1. e4 c5 2. Nf3 d6 3. Bb5+ Nd7 4. d4 cxd4 5. Qxd4 a6 6. Bxd7+ Bxd7 7. O-O Nf6 8.
c4 g6 9. Nc3 Bg7 10. a4 O-O 11. Qd3 Bg4 12. Nd2 Nd7 13. h3 Ne5 14. Qc2 Bd7 15.
b3 Rc8 16. Bb2 b5 17. axb5 axb5 18. Nd5 bxc4 19. bxc4 Be6 20. Bxe5 Bxe5 21. Ra7
Bxd5 22. exd5 Rc7 23. Rxc7 Qxc7 24. Nf3 Bf6 25. Rc1 Rc8 26. g3 Qc5 27. Kg2 Qa3
28. Qd2 h5 29. g4 hxg4 30. hxg4 Ra8 31. g5 Bg7 32. Qe3 Qxe3 33. fxe3 Ra2+ 34.
Kg3 Re2 35. Kf4 Bb2 36. Rb1 Rc2 37. Nd4 Bxd4 38. exd4 Rxc4 39. Ke4 Kg7 40. Rb7
Rc1 41. Ra7 Re1+ 42. Kf3 f5 43. gxf6+ Kxf6 44. Ra8 Rf1+ 45. Ke3 Kg7 46. Ra7 Rf7
47. Ra1 g5 48. Rh1 Kg6 49. Rg1 Rf5 50. Ke4 Rf4+ 51. Ke3 Kf5 52. Rh1 g4 53. Rh5+
Kg6 54. Rh4 Kg5 55. Rh7 Rf3+ 56. Ke2 Rf5 57. Ke3 g3 58. Rxe7 Kg4 59. Re4+ Kh3
60. Re6 Rxd5 61. Rh6+ Kg4 62. Rg6+ Kh4 63. Rh6+ Kg5 64. Rh3 Kg4 65. Rh6 Rg5 66.
Rxd6 Kh5 67. Rd8 g2 68. Rh8+ Kg6 69. Rg8+ Kf5 70. Rxg5+ Kxg5 71. Kf2 Kf4 72.
Kxg2 Ke4 73. d5 1/2-1/2

[Event "11th World Teams 2017"]
[Site "Khanty-Mansiysk RUS"]
[Date "2017.06.17"]
[Round "1.5"]
[Board "2"]
[White "Korobov, Anton"]
[Black "Yilmaz, Mustafa"]
[Result "1/2-1/2"]
[WhiteTitle "GM"]
[BlackTitle "GM"]
[WhiteElo "2711"]
[BlackElo "2630"]
[WhiteTeam "Ukraine"]
[BlackTeam "Turkey"]
[WhiteFideId "14105730"]
[BlackFideId "6302718"]
[EventDate "2017.06.17"]

1. d4 d5 2. c4 e6 3. Nc3 Nf6 4. cxd5 exd5 5. Bg5 c6 6. e3 Be7 7. Bd3 Nbd7 8. Qc2
Nh5 9. Bxe7 Qxe7 10. Nge2 g6 11. O-O O-O 12. Rab1 a5 13. Rbe1 Nb6 14. Nc1 Ng7
15. f3 Bf5 16. e4 dxe4 17. fxe4 Be6 18. Qf2 f5 19. exf5 Nxf5 20. Nb3 Ng7 21. Qe3
Rxf1+ 22. Rxf1 Re8 23. Nc5 Bf5 1/2-1/2

[Event "11th World Teams 2017"]
[Site "Khanty-Mansiysk RUS"]
[Date "2017.06.17"]
[Round "1.5"]
[Board "3"]
[White "Can, Emre"]
[Black "Moiseenko, Alexander"]
[Result "1/2-1/2"]
[WhiteTitle "GM"]
[BlackTitle "GM"]
[WhiteElo "2589"]
[BlackElo "2676"]
[WhiteTeam "Turkey"]
[BlackTeam "Ukraine"]
[WhiteFideId "6302181"]
[BlackFideId "14102560"]
[EventDate "2017.06.17"]

1. d4 Nf6 2. c4 e6 3. Nf3 d5 4. g3 dxc4 5. Bg2 Bd7 6. Ne5 Bc6 7. Nxc6 Nxc6 8.
O-O Qd7 9. e3 Rd8 10. Qe2 e5 11. Qxc4 exd4 12. Qb5 Rb8 13. Rd1 a6 14. Qc4 Bd6
15. exd4 O-O 16. Nc3 h6 17. Be3 Ne7 18. a4 Rfe8 1/2-1/2

[Event "11th World Teams 2017"]
[Site "Khanty-Mansiysk RUS"]
[Date "2017.06.17"]
[Round "1.5"]
[Board "4"]
[White "Kravtsiv, Martyn"]
[Black "Dastan, Muhammed Batuhan"]
[Result "1/2-1/2"]
[WhiteTitle "GM"]
[BlackTitle "GM"]
[WhiteElo "2653"]
[BlackElo "2519"]
[WhiteTeam "Ukraine"]
[BlackTeam "Turkey"]
[WhiteFideId "14113147"]
[BlackFideId "6300014"]
[EventDate "2017.06.17"]

1. e4 c5 2. Nf3 d6 3. Bb5+ Nc6 4. O-O Bd7 5. Re1 Nf6 6. c3 a6 7. Bf1 Bg4 8. h3
Bxf3 9. Qxf3 g6 10. d3 Bg7 11. Be3 O-O 12. Nd2 Nd7 13. Qd1 b5 14. Nf3 b4 15. Qa4
Qc7 16. d4 Rfb8 17. Rec1 e6 18. Qd1 bxc3 19. bxc3 Nf6 20. Nd2 d5 21. Qc2 dxe4
22. Nxe4 cxd4 23. cxd4 Rc8 24. Nxf6+ Bxf6 25. Qa4 Qd6 26. Rc4 Ne7 27. Rxc8+ Nxc8
28. Qe8+ Qf8 29. Qxf8+ Kxf8 30. Rb1 Ne7 31. Rb4 1/2-1/2